INDIRECT TAXES: LAW AND PRACTICE-2004 (Record no. 479408)

MARC details
000 -LEADER
fixed length control field 00871nam a2200253Ia 4500
008 - FIXED-LENGTH DATA ELEMENTS--GENERAL INFORMATION
fixed length control field 100315s9999 xx 000 0 und d
020 ## - INTERNATIONAL STANDARD BOOK NUMBER
International Standard Book Number 81-7194-320-9 
040 ## - CATALOGING SOURCE
Transcribing agency ENGLISH 
082 ## - DEWEY DECIMAL CLASSIFICATION NUMBER
Item number 4673 
Classification number 336.294 
100 ## - MAIN ENTRY--PERSONAL NAME
Personal name "DATEY,V.S. "
245 ## - TITLE STATEMENT
Title INDIRECT TAXES: LAW AND PRACTICE-2004
260 ## - PUBLICATION, DISTRIBUTION, ETC. (IMPRINT)
Place of publication, distribution, etc New Delhi 
Name of publisher, distributor, etc Taxmann  
Date of publication, distribution, etc 2004 
300 ## - PHYSICAL DESCRIPTION
Extent 1007P 
365 ## - TRADE PRICE
Price note Rupees 
Unit of pricing
Price amount 229.50 
366 ## - TRADE AVAILABILITY INFORMATION
Publishers' discount category 15 
505 ## - FORMATTED CONTENTS NOTE
Miscellaneous information DYK 
530 ## - ADDITIONAL PHYSICAL FORM AVAILABLE NOTE
Availability source LAXMI BOOK DEPOT 367/20.05.2004 
Additional physical form available note 367/20.05.2004 
536 ## - FUNDING INFORMATION NOTE
Text of note 01/04/2004-31/03/2005 
620 ## -
-- "CENTRAL EXCISE - ACT,RULES, FORMS,NOTIFICATIONS CUSTOMS - ACT,FORMS, TARIFF ACT CENTRAL SALES TAX ACT,SERVICE TAX, CONSTITUTIONS OF INDIA. "
630 ## - SUBJECT ADDED ENTRY--UNIFORM TITLE
Uniform title INDIRECT TAXES: LAW AND PRACTICE-2004
650 ## - SUBJECT ADDED ENTRY--TOPICAL TERM
Topical term or geographic name as entry element INDIRECT TAXES 
730 ## - ADDED ENTRY--UNIFORM TITLE
Uniform title INDIRECT TAXES: LAW AND PRACTICE-2004
942 ## - ADDED ENTRY ELEMENTS (KOHA)
Koha item type Book
Holdings
Withdrawn status Lost status Damaged status Not for loan Home library Current library Date acquired Cost, normal purchase price Total Checkouts Full call number Barcode Date last seen Price effective from Koha item type
        Dr. V. N. Bedekar Institute of Management Studies Library Dr. V. N. Bedekar Institute of Management Studies Library 06/28/2004 270.00   336.294 /DAT  4673  VPMBRIMS-4673  03/19/2010 03/19/2010 Book